京沪高铁与京沪铁路所有客运车站 Beijing-Shanghai Railways stations - Statistics

General Stats
  • This quiz has been taken 739 times
    691 since last reset
  • The average score is 37 of 61
Answer Stats
铁路 省份 车站名 % Correct
京沪线 北京 北京
100%
京沪高速线 北京 北京南
97%
京沪线 山东 济南
94%
京沪线 上海 上海
93%
京沪高速线 天津 天津南
92%
京沪线 江苏 南京
92%
京沪线 江苏 徐州
91%
京沪高速线 河北 廊坊
90%
京沪高速线 上海 上海虹桥
90%
京沪线 江苏 苏州
90%
京沪高速线 山东 济南西
89%
京沪高速线 江苏 南京南
89%
京沪线 山东 德州
86%
京沪高速线 江苏 徐州东
84%
京沪高速线 江苏 苏州北
83%
京沪线 江苏 常州
83%
京沪线 江苏 无锡
83%
京沪线 河北 沧州
82%
京沪线 安徽 蚌埠
82%
京沪线 江苏 昆山
80%
京沪线 天津 天津西
79%
京沪线 江苏 镇江
79%
京沪高速线 山东 德州东
77%
京沪高速线 山东 泰安
77%
京沪高速线 江苏 无锡东
77%
京沪高速线 山东 枣庄
76%
京沪高速线 江苏 常州北
76%
京沪高速线 安徽 蚌埠南
75%
京沪高速线 河北 沧州西
74%
京沪高速线 江苏 昆山南
73%
京沪高速线 江苏 镇江南
72%
京沪高速线 安徽 滁州
71%
京沪线 安徽 宿州
66%
京沪高速线 山东 曲阜东
64%
京沪高速线 安徽 宿州东
60%
京沪线 江苏 丹阳
60%
京沪线 上海 上海西
60%
京沪线 山东 滕州
54%
京沪高速线 江苏 丹阳北
53%
京沪高速线 山东 滕州东
49%
京沪高速线 安徽 定远
46%
京沪线 山东 泰山
46%
京沪线 北京 北京丰台
44%
京沪线 山东 枣庄西
34%
京沪线 河北 广阳
32%
京沪线 山东 兖州
32%
京沪线 安徽 滁州北
32%
京沪线 安徽 明光
30%
京沪线 天津 杨柳青
29%
京沪线 天津 静海
29%
京沪线 河北 泊头
24%
京沪线 天津 杨村
22%
京沪线 河北 吴桥
22%
京沪线 山东 平原
22%
京沪线 山东 禹城
22%
京沪线 山东 邹城
21%
京沪线 河北 青县
20%
京沪线 河北 东光
20%
京沪线 山东 磁窑
18%
京沪线 安徽 固镇
17%
京沪线 山东 晏城
14%
No matching quizzes found
Score Distribution
Percent of People with Each Score
Percentile by Number Answered
Your Score History
You have not taken this quiz since the last reset